000 00837nam a22002177a 4500
999 _c5756
_d5756
003 AR-CdUCM
008 190313b ||||| |||| 00| 0 spa d
040 _aMUNICIPALIDAD PROVINCIAL DEL CUSCO
_cBIBLIOTECA MUNICIPAL DEL CUSCO
082 _a858.9 /
_bB23
100 _aBarra, Felipe
_917125
245 _aObjetivo :
_bPalacio de gobierno /
260 _aLima :
_bJuan Mejia Vaca,
_c1967.
300 _a234 paginas ;
_c24 cm.
500 _aDonación de la familia Nieto
505 _aContenido : Primera entrada a la casa de Pizarro por acto de fuerza -- La audiencia depone al Virrey Blasco Nuñes de Vela y asume el poder -- Gonzalo Pizarro se apodera del gobierno ...
650 _aHistoria
_9246
650 _aPolítica del Virreynato peruano
_917126
650 _aHistoria colonial
_96071
942 _2ddc
_cLIBROS
945 _arah